| 000 | 00931nam0a2200301 4500 | ||
|---|---|---|---|
| 001 | RU\NLR\bibl\110692 | ||
| 005 | 20260426041542.0 | ||
| 010 |
_a5-237-05251-7 _916000 |
||
| 021 |
_aRU _b2000-20740 _9974 |
||
| 035 | _a(NLR Aleph) 000108346 | ||
| 090 |
_a614007 _c614007 |
||
| 100 | _a20001002d2000 |||y0rusy50 ca | ||
| 101 | 1 |
_arus _ceng |
|
| 102 | _aRU | ||
| 105 | _ay ||||||||| | ||
| 200 | 1 |
_aУроки любви _eРоман _fМэри Джо Патни _g[Пер. с англ. Г.П. Байковой] |
|
| 210 |
_aМ. _cАСТ _d2000 |
||
| 215 |
_a412,[1] с. _d20 |
||
| 225 | 1 | _aСерия "Шарм" | |
| 686 | _aШ6(7США)67-440.4 | ||
| 700 | 1 |
_4070 _7ca _8rus _aПатни _bМ. Д. _f1946- _gМэри Джо _9111072 _3RU\NLR\AUTH\771038 |
|
| 801 | 0 |
_aRU _bNLR _c20001002 _gPSBO |
|
| 801 | 1 |
_aRU _bNLR _c20001002 |
|
| 852 |
_aNLR _j2000-3/10724 |
||
| 942 | _cBOOK | ||
| 980 | _aNB | ||